Loading...
| Science - Chemistry | 1 | 3 | 0 | 0 | 45 | 41 | 73.50 | 1 | 4 |
| Literature - British Literature | 1 | 3 | 0 | 0 | 45 | 43 | 83.00 | 1 | 4 |
| Literature - American Literature | 2 | 1 | 0 | 0 | 40 | 38 | 72.67 | 1 | 2 |
| Social Science | 0 | 4 | 0 | 0 | 40 | 69 | 81.50 | 1 | 3 |
| Literature - World Literature | 2 | 0 | 0 | 0 | 30 | 68 | 74.50 | 0 | 2 |
| Science - Physics | 0 | 2 | 0 | 0 | 20 | 86 | 100.50 | 0 | 2 |
| Current Events | 0 | 1 | 0 | 0 | 10 | 101 | 101.00 | 0 | 0 |
| Fine Arts - Other Fine Arts | 0 | 1 | 0 | 0 | 10 | 102 | 102.00 | 0 | 1 |
| Science - Biology | 1 | 0 | 1 | 0 | 10 | 18 | 18.00 | 1 | 1 |
| Science - Other Science | 0 | 1 | 0 | 0 | 10 | 77 | 77.00 | 0 | 0 |
| Philosophy | 0 | 0 | 1 | 0 | -5 | 0.00 | 0 | 0 |